De vita beata / (Record no. 179541)

MARC details
000 -LEADER
campo de control de longitud fija 00836nam a2200241 i 4500
001 - NÚMERO DE CONTROL
campo de control 179541
003 - IDENTIFICADOR DE NÚMERO DE CONTROL
campo de control ES-MaACL
005 - FECHA Y HORA DE LA ÚLTIMA TRANSACCIÓN
campo de control 20230906220820.0
008 - DATOS DE LONGITUD FIJA--INFORMACIÓN GENERAL
campo de control de longitud fija 111221s1946 sp |||| |dspa d
080 ## - NÚMERO DE LA CLASIFICACIÓN DECIMAL UNIVERSAL
Número de la Clasificación Decimal Universal 17.023.34
100 1# - ENTRADA PRINCIPAL--NOMBRE DE PERSONA
Nombre de persona Séneca, Lucio Anneo.
9 (RLIN) 105451
245 10 - MENCIÓN DEL TÍTULO
Título De vita beata /
Mención de responsabilidad, etc. Séneca ; texto latino, notas y vocabulario [por Eugenio Hernández Vista].
260 ## - PUBLICACIÓN, DISTRIBUCIÓN, ETC.
Lugar de publicación, distribución, etc. Madrid :
Nombre del editor, distribuidor, etc. Gredos,
Fecha de publicación, distribución, etc. 1946.
300 ## - DESCRIPCIÓN FÍSICA
Extensión 62 p. ;
Dimensiones 17 cm.
490 1# - MENCIÓN DE SERIE
Mención de serie Clásicos Gredos.
-- Textos escolares
595 ## -
-- Ed. para alumnos de Bachillerato.
650 04 - PUNTO DE ACCESO ADICIONAL DE MATERIA--TÉRMINO DE MATERIA
Término de materia o nombre geográfico como elemento de entrada Lengua latina-
Subdivisión de forma Textos.
9 (RLIN) 14307
650 #4 - PUNTO DE ACCESO ADICIONAL DE MATERIA--TÉRMINO DE MATERIA
Término de materia o nombre geográfico como elemento de entrada Felicidad (Filosofía)-
Subdivisión de forma Obras anteriores a 1800.
9 (RLIN) 171597
700 1# - ENTRADA AGREGADA--NOMBRE PERSONAL
Nombre de persona Hernández Vista, Eugenio.
9 (RLIN) 63075
830 1# - PUNTO DE ACCESO ADICIONAL DE SERIE-TÍTULO UNIFORME
Título uniforme Clásicos Gredos.
-- Textos escolares
9 (RLIN) 224491
852 ## - LOCALIZACIÓN
Ubicación ES-MaACL
Número de control de estantería 2310-F-5
Holdings
Estatus retirado Estado de pérdida Estado de daño No para préstamo Colección Biblioteca de origen Biblioteca actual Ubicación en estantería Fecha de adquisición Fuente de adquisición Total de préstamos Signatura topográfica completa Código de barras Visto por última vez Precio de reemplazo Tipo de ítem Koha
        Colección de folletos Biblioteca del Ateneo de Madrid Biblioteca del Ateneo de Madrid Depósito folletos 21/12/2011     2310-F-5 1188613 23/02/2023 23/02/2023 Folleto